Statistics for Name The European Capital - With Pictures

Click here to take the quiz!

General Stats

  • This quiz has been taken 19 times
  • The average score is 25 of 45

Answer Stats

Answer% Correct
Athens
100%
Paris
100%
London
94%
Moscow
94%
Amsterdam
88%
Rome
88%
Copenhagen
71%
Warsaw
71%
Berlin
65%
Lisbon
65%
Prague
65%
Stockholm
65%
Vatican City
65%
Vienna
65%
Budapest
59%
Dublin
59%
Helsinki
59%
Madrid
59%
Oslo
59%
Valletta
59%
Bern
53%
Brussels
53%
Luxembourg
53%
Monaco
53%
San Marino
53%
Andorra la Vella
47%
Bratislava
47%
Bucharest
47%
Minsk
47%
Reykjavik
47%
Riga
47%
Sarajevo
47%
Tallinn
47%
Vaduz
47%
Vilnius
47%
Chisinau
41%
Kiev
41%
Podgorica
41%
Sofia
41%
Zagreb
41%
Pristina
35%
Skopje
35%
Belgrade
29%
Ljubljana
29%
Tirana
24%

Score Distribution

Percentile by Number Answered

Percent of People with Each Score

Your Score History

You have not taken this quiz